| 000 | 00581nam a2200193Ia 4500 | ||
|---|---|---|---|
| 003 | GCL | ||
| 008 | 140319s9999 xx 000 0 ara d | ||
| 040 |
_aGCL / _cGCL |
||
| 082 | 0 | 4 |
_a910.9 _bف ج |
| 100 | 1 | _aفتحى محمد ابوعيانة | |
| 245 | 1 | 0 |
_aالجغرافيا الاقليمية / _cفتحى محمد ابوعيانة |
| 260 |
_a[S.N] : _bدار النهضة العربية ، _c1986 |
||
| 300 | _a620 ص | ||
| 490 | _a | ||
| 650 | 0 | 4 | _aالاتحاد السوفيتى |
| 650 | 0 | 4 | _aامريكا الشمالية |
| 650 | 0 | 4 | _aاوربا |
| 942 |
_2ddc _cBK |
||
| 999 |
_c37291 _d37291 |
||